1696 1471 1718 1033 1239 1373 1582 1156 1854 1283 1815 1241 1720 1418 1740 1971 1060 1291 1478 1364 1353 1923 1286 1541 1030 1659 1342 1077 1461 1772 1578 1636 1182 1416 1252 1377 1517 1540 1378 1943 1905 1253 1502 1308 1826 1163 1821 1042 1727 1664 1238 1585 1340 1558 1205 1127 1102 1357 1711 1568 1746 1941 1532 1571 1441 1238 1275 1433 1948 1334 1491 1264 1843 1199 1287 1091 1499 1600 1014 1290 1404 1134 1351 1295 1558 1453 1092 1643 1338 1489 1609 1658 1612 1138 1428 1081 1958 1512 1783 BCNSPRNW ULIB Ver.6.0+V

เปลี่ยนเป็นภาษาไทย

Change to English
 แสดงรายละเอียดบรรณานุกรม
  กลับหน้าหลัก

Brief Record : Get Marc (ISO 2709) : E-mail record : QR code < ปิดหน้าต่าง
LEADER : 00000nam 2200000uu 4500
001    13399113114
003     ULIB
008    110927s2552||||th 000 0 tha d
020    9746252437
050 04 PL4209.T5^bน624ส 2552
130 0  รามเกียรติ์
245 10 สมญาภิธานรามเกียรติ์ /^cนิภาพรรณ ศรีพงษ์
250    พิมพ์ครั้งที่ 10 แก้ไขปรับปรุง
260    นครราชสีมา :^bแผนกวิชาภาษาไทย คณะวิชาศึกษาทั่วไป ฝ่ายวิชาการมหาวิทยาลัยเทคโนโลยีราชมงคลอีสาน,^c2552
300    1ก-22ก, 258 หน้า :^bภาพประกอบ ;^c30 ซม
505 2  ภาค 1 สมญาภิธานรามเกียรติ์ -- ภาค 2 เรื่องย่อรามเกียรติ์ --แผนภูมิการสืบราชวงศ์กรุงลงกา -- แผนภูมิการสืบราชวงศ์กรุงอยุทธยา -- แผนภูมิการสืบราชวงศ์กรุงขีดขิน
630 07 รามเกียรติ์
650  7 วรรณคดีไทย
700 0  นิภาพรรณ ศรีพงษ์
945    ^p0^l0^i026599
995    ทศพร
999 ^a ทศพร
รายการนี้ยังไม่มีแท็ก
คุณยังไม่ได้ล็อกอิน คุณสามารถมีกิจกรรมร่วมกับเว็บไซต์ได้ แต่ต้องล็อกอินก่อน ::
  ล็อกอิน

รายการสื่อสารสนเทศ

ลำดับที่ ประเภท เลขเรียก/บาร์โค้ด สถานที่ สถานะ
- ไม่พบข้อมูล -

รายการใกล้เคียง
    หัวเรื่อง [วรรณคดีไทย]

BibComment


ยังไม่เคยถูกคอมเมนท์

คอมเมนท์ทรัพยากรรายการนี้
  คอมเมนท์: สมญาภิธานรามเกียร..


 Copyright 2026. Bcnsprnw @Library